| 000 | 00922nam a2200229 a 4500 | ||
|---|---|---|---|
| 001 | 40190 | ||
| 003 | BD-RjUL | ||
| 005 | 20211209053146.0 | ||
| 008 | 160424s2009 bg ||||| |||| 00| 0 ben d | ||
| 020 |
_a9840747983 _c: TK 650.00 |
||
| 035 | _a(BD-RjUL)40305 | ||
| 040 |
_aBD-RjUL _bben _cBD-RjUL |
||
| 041 | _aben | ||
| 082 |
_223 _a891.4408 _bSAA 2009 |
||
| 245 | 0 | 0 |
_aসা'দত আলি আখন্দ রচনাবলী _cমুস্তফা নূরুল ইসলাম সম্পাদিত |
| 260 |
_aঢাকা : _bবাংলা একাডেমী, _c২০০৯ |
||
| 300 |
_a[১০], ৮৮২ পৃ. : _bচিত্র ; _c২১ সেমি. |
||
| 650 |
_aবাংলা সাহিত্য _9123753 |
||
| 650 |
_aBengali Literature _9123754 |
||
| 700 |
_aইসলাম, মুস্তফা নূরুল, সম্পাদিত _9123755 |
||
| 942 |
_2ddc _cBK |
||
| 999 |
_c40190 _d40190 |
||